| 000 | 01271nam a22003497a 4500 | ||
|---|---|---|---|
| 001 | 0003876 | ||
| 003 | KOHA_MİRAKIL | ||
| 005 | 20260207001351.0 | ||
| 007 | ta | ||
| 008 | 090415b2000 tu |||gr||||#||||0|tur | | ||
| 020 | _a9754707723 | ||
| 040 |
_aTR-BiSEU _btur _cTR-BiSEU _erda |
||
| 041 | 0 | _atur | |
| 044 | _ctu | ||
| 050 |
_aHC79 _b.B84 2000 |
||
| 100 | 1 | _aBuğra, Ayşe. | |
| 245 | 1 |
_aDevlet-piyasa karşıtlığının ötesinde : _bihtiyaçlar ve tüketim üzerine yazılar/ _cAyşe Buğra ; Ayşe Buğra; çeviren Bahadır Sina Şener. |
|
| 264 | 1 |
_aİstanbul : _bİletişim _c2000 |
|
| 300 | _a154 sayfa; 21 cm | ||
| 336 |
_ametin _btxt _2rdacontent |
||
| 337 |
_aaracısız _bn _2rdamedia |
||
| 338 |
_acilt _bnc _2rdacarrier |
||
| 490 | 1 |
_aİletişim yayınları ; _v589. |
|
| 490 | 1 |
_aAraştırma-inceleme dizisi ; _v21 |
|
| 500 | _aTÜSES Vakfı ve Ford Vakfı içindeki Orta Doğu Araştırma Komitesi'nin Türkiye'de tüketim kalıplarının değişmesiyle ilgili makalelere dayalı. | ||
| 500 | _aKaynakça var. | ||
| 650 | 0 |
_aTüketim--Sosyal yönler. _99449 |
|
| 650 | 0 |
_aSanayi politikası--Türkiye. _99450 |
|
| 830 | 1 |
_aİletişim yayınları ; _v589. _92528 |
|
| 830 | 1 |
_aAraştırma-inceleme dizisi ; _v21 _92529 |
|
| 942 |
_2lcc _cBK |
||
| 999 |
_c3860 _d3860 |
||